Medical devices evidence and research.

Bibliographic Details
Format: Electronic Journal
Language:English
Published: [Auckland, N.Z.] : Dove Medical Press
Subjects:
Online Access:Full text available from Research Library: 01/01/2008 to present

MARC

LEADER 00000nas a2200000 a 4500
001 ssj0000331831
003 WaSeSS
005 20200512172242.0
006 m d
007 cr n
008 081121c20089999nz || p s 0 a0eng c
010 |a  2010252131 
016 7 |a 101566041  |2 DNLM 
022 |a 1179-1470  |l 1179-1470 
035 |a (WaSeSS)ssj0000331831 
040 |a Nz  |c NZWTU  |d OCoLC  |d WaU  |d DNLM  |d CU-S  |d WaSeSS 
042 |a pcc 
050 1 4 |a R856.A1 
060 1 0 |a W1 
082 0 4 |a 610.28  |2 22 
130 0 |a Medical devices (Auckland, N.Z.) 
210 1 |a Med. devices  |b (Auckl.) 
222 0 |a Medical devices  |b (Auckl.) 
245 1 0 |a Medical devices  |h [electronic resource] :  |b evidence and research. 
260 |a [Auckland, N.Z.] :  |b Dove Medical Press 
362 1 |a Began with vol. 1 (2008). 
506 |a License restrictions may limit access. 
515 |a Articles added irregularly during the year and collected into annual issues. 
588 |a Description based on: Vol. 1 (2008); title from table of contents page (publisher's website, viewed June 9, 2010). 
588 |a Latest issue consulted: 2011:4 (viewed Sept. 21, 2011). 
650 0 |a Medical instruments and apparatus  |v Periodicals. 
650 1 2 |a Equipment and Supplies  |v Periodicals. 
655 0 |a Electronic journals. 
856 4 0 |z Full text available from Research Library: 01/01/2008 to present  |u https://search.proquest.com/publication/3933396